[Lettres d'antiquaires espagnols de la fin du XVIII\pe\s siècle adressées au comte de Lumiares / (Record no. 160175)

MARC details
000 -LEADER
campo de control de longitud fija 00896nam a2200217 i 4500
001 - NÚMERO DE CONTROL
campo de control 160175
003 - IDENTIFICADOR DE NÚMERO DE CONTROL
campo de control ES-MaACL
005 - FECHA Y HORA DE LA ÚLTIMA TRANSACCIÓN
campo de control 20241026201623.0
008 - DATOS DE LONGITUD FIJA--INFORMACIÓN GENERAL
campo de control de longitud fija 040922s1896 fr |||| | fre d
040 ## - FUENTE DE CATALOGACIÓN
Centro catalogador/agencia de origen CAM
Lengua de catalogación spa
Centro/agencia transcriptor CAM
100 1# - ENTRADA PRINCIPAL--NOMBRE DE PERSONA
Nombre de persona Morel-Fatio, Alfred.
9 (RLIN) 83243
245 10 - MENCIÓN DEL TÍTULO
Título [Lettres d'antiquaires espagnols de la fin du XVIII\pe\s siècle adressées au comte de Lumiares /
Mención de responsabilidad, etc. Alfred Morel-Fatio].
260 ## - PUBLICACIÓN, DISTRIBUCIÓN, ETC.
Lugar de publicación, distribución, etc. Nogent-le-Rotrou :
Nombre del editor, distribuidor, etc. [s.n.,
Fecha de publicación, distribución, etc. s.a.] (
Fabricante imprimerie Daupeley-Gouverneur)
300 ## - DESCRIPCIÓN FÍSICA
Extensión 13 p. ;
Dimensiones 25 cm.
500 ## - NOTA GENERAL
Nota general Extrait de la Bibliothèque de l'Ecole des chartes, tome LVII, 1896.
594 ## - Nota al título y mención de responsabilidad
Nota al título y mención de responsabilidad Tit. tomado de comienzo de texto y autor firma el texto.
596 ## - NOTA AL PIE DE IMPRENTA
NOTA AL PIE DE IMPRENTA Pie de imp. tomado de colofón.
852 ## - LOCALIZACIÓN
Ubicación ES-MaACL
Número de control de estantería T-1346-F-8
Nota libre -- Enc. hol.
condición física -- Falto de la port. y de la cub. original
Nota libre -- Enc. en un vol. facticio
942 ## - ELEMENTOS DE ENTRADA SECUNDARIOS (KOHA)
Fuente del sistema de clasificación o colocación Clasificación decimal universal
Holdings
Estatus retirado Estado de pérdida Fuente del sistema de clasificación o colocación Estado de daño No para préstamo Colección Biblioteca de origen Biblioteca actual Ubicación en estantería Fecha de adquisición Total de préstamos Signatura topográfica completa Código de barras Visto por última vez Precio de reemplazo Tipo de ítem Koha
    Clasificación decimal universal     Colección de folletos Biblioteca del Ateneo de Madrid Biblioteca del Ateneo de Madrid Depósito folletos 17/01/2008   T-1346-F-8 1167693 23/02/2023 23/02/2023 Folleto